000 01651cam a2200133 4500500
005 20260329023217.0
041 _afre
042 _adc
100 1 0 _aEstève, Adrien
_eauthor
245 0 0 _aIntroduction à la théorie politique environnementale
260 _bArmand Colin,
_c2020.
520 _aDepuis la fin du XIXe siècle, la planète connaît un bouleversement écologique sans précédent causé par l’activité humaine. Cette crise nous oblige à repenser notre agir et à envisager une transformation de notre manière de faire de la politique. Cet ouvrage propose de découvrir les principales théories politiques et morales qui ont été élaborées pour faire face à cette nouvelle réalité et imaginer de nouvelles formes de vie en commun (éthique environnementale, critique de la technique, écologie radicale, démocratie écologique, etc.). L’étude de ces différentes propositions permet d’aborder un certain nombre de questions qui sont au coeur des débats politiques contemporains : quelles obligations morales avons-nous envers la nature et le vivant ? Faut-il reconnaître un crime d’écocide ? Lutter contre l’idéologie du progrès technique et inventer de nouvelles formes de vie plus résilientes et respectueuses de l’environnement ? Réaffirmer l’importance du principe de précaution dans l’action publique ? Ou encore proposer un nouveau contrat social et écologique qui inclurait les formes de vie non humaines et les générations futures ?
856 4 1 _uhttps://shs.cairn.info/introduction-a-la-theorie-politique-environnementa--9782200628369?lang=fr&redirect-ssocas=7080
999 _c1925510
_d1925511